| Tag |
First Indicator |
Second Indicator |
Subfields |
| LEADER |
00000cam a2200000 a 4500 |
| 001 |
in00000081301 |
| 005 |
20151008061023.0 |
| 008 |
820126s1981 nyuaf b 00000beng |
| 010 |
|
|
|a 81083357
|
| 020 |
|
|
|a 0195203577 :
|c $65.00
|
| 020 |
|
|
|a 0875980732 (pbk.)
|
| 035 |
|
|
|a (OCoLC)08129198
|
| 035 |
|
|
|9 AAJ7121AM
|
| 039 |
0 |
|
|a 2
|b 3
|c 3
|d 3
|e 3
|
| 040 |
|
|
|a DLC
|c DLC
|d TXA
|d UtOrBLW
|
| 049 |
|
|
|a TXAM
|c [802221]
|
| 050 |
0 |
0 |
|a PR6045.O53
|b Z83
|
| 082 |
0 |
|
|a 823/.912
|2 19
|
| 245 |
0 |
0 |
|a P.G. Wodehouse, a centenary celebration, 1881-1981 /
|c James H. Heineman, Donald R. Bensen, editors.
|
| 264 |
|
1 |
|a New York :
|b Pierpont Morgan Library ;
|a London :
|b Oxford University Press,
|c [1981]
|
| 264 |
|
4 |
|c ©1981
|
| 300 |
|
|
|a xxi, 197 pages, 36 pages of plates :
|b illustrations ;
|c 31 cm.
|
| 336 |
|
|
|a text
|b txt
|2 rdacontent
|
| 337 |
|
|
|a unmediated
|b n
|2 rdamedia
|
| 338 |
|
|
|a volume
|b nc
|2 rdacarrier
|
| 500 |
|
|
|a Illustrations on lining papers.
|
| 500 |
|
|
|a Addendum slip inserted.
|
| 504 |
|
|
|a Bibliography: pages [89]-197.
|
| 600 |
1 |
0 |
|a Wodehouse, P. G.
|q (Pelham Grenville),
|d 1881-1975.
|
| 600 |
1 |
0 |
|a Wodehouse, P. G.
|q (Pelham Grenville),
|d 1881-1975
|x Bibliography.
|
| 650 |
|
0 |
|a Authors, English
|y 20th century
|v Biography.
|
| 700 |
1 |
|
|a Heineman, James H.
|
| 700 |
1 |
|
|a Bensen, D. R.
|q (Donald R.),
|d 1927-1997.
|
| 999 |
|
|
|a MARS
|
| 999 |
f |
f |
|s 2dd36a53-d86b-3e50-9278-2b834b5bf183
|i f8319f4e-6214-3541-a40d-035ce767da64
|t 0
|
| 952 |
f |
f |
|p noncirc
|a Texas A&M University
|b College Station
|c Cushing Memorial Library & Archives
|d Cushing: Literature/Wodehouse (Does not check out)
|t 0
|e PR6045.O53 Z83 1981
|h Library of Congress classification
|i unmediated -- volume
|
| 952 |
f |
f |
|p normal
|a Texas A&M University
|b College Station
|c Sterling C. Evans Library
|d Evans: Library Stacks
|t 0
|e PR6045.O53 Z83
|h Library of Congress classification
|i unmediated -- volume
|m A14806187386
|
| 998 |
f |
f |
|a PR6045.O53 Z83
|t 0
|l Evans: Library Stacks
|
| 998 |
f |
f |
|a PR6045.O53 Z83 1981
|t 0
|l Cushing: Literature/Wodehouse (Does not check out)
|